000 00423nam a2200181Ia 4500
003 OSt
005 20220629152604.0
008 210210b xxu||||| |||| 00| 0 eng d
040 _cAL
041 _aeng
082 _a331/194 UGC
100 _aRAMAN (B S)
_946069
245 _aTheory and practice of banking
260 _aMangalore
_bUnited Publishers
690 _aBanking
_946070
906 _a055463
942 _2ddc
_cBK
999 _c116334
_d116334